| 000 | 00675nam a22001937a 4500 | ||
|---|---|---|---|
| 999 |
_c169562 _d169562 |
||
| 005 | 20191122171734.0 | ||
| 010 | _aUR-10611 | ||
| 020 |
_c200.00 _a9789384255596 |
||
| 035 | _aU-9166 | ||
| 037 |
_bDBAD/PUB _a- |
||
| 082 | _a844.08 | ||
| 100 | _aو ا حد نظا م آ با د ی | ||
| 245 |
_aحر ف د ر حر ف خيا ل _cو ا حد نظا م آ با د ی |
||
| 246 |
_bHarf Dar Harf Khayal (Urdu) _aby Wahid Nizamabadi |
||
| 260 |
_aDelhi _bEducational Publishing House _c2018 ء |
||
| 270 |
_a3191,Vakil Street, Kucha Pandit,Lal Kuan, _bDelhi _e110006 _k01123216162 _l- |
||
| 300 |
_a198 ص _c22 Cm(Hb) |
||
| 942 |
_2ddc _cUR _h844.08 _mو ا ح |
||